1900 1595 1553 1781 1871 1657 1969 1596 1858 1400 1199 1761 1805 1049 1574 1164 1774 1744 1523 1740 1179 1937 1156 1486 1651 1346 1030 1667 1927 1560 1704 1974 1484 1805 1242 1400 1941 1570 1869 1111 1943 1370 1563 1809 1753 1991 1092 1936 1682 1584 1284 1346 1320 1322 1974 1708 1891 1890 1114 1944 1066 1324 1898 1736 1000 1504 1303 1510 1767 1812 1266 1656 1597 1610 1243 1579 1487 1469 1163 1966 1524 1448 1319 1450 1792 1826 1781 1214 1026 1089 1378 1580 1572 1250 1254 1899 1685 1606 1305 BCNSPRNW ULIB Ver.6.0+V

เปลี่ยนเป็นภาษาไทย

Change to English
 แสดงรายละเอียดบรรณานุกรม
  กลับหน้าหลัก

Brief Record : Get Marc (ISO 2709) : E-mail record : QR code < ปิดหน้าต่าง
LEADER : 00000nam 2200000uu 4500
001    13399110569
003     ULIB
008    110603s2551||||th 000 0 tha d
020    9789744140555
050  4 JK421^bด896ว 2551
100 1  เดลี, ปีเตอร์ เอช.,^dค.ศ.1941-
245 10 90 วันอันตรายสำหรับผู้บริหารและผู้นำองค์กรภาครัฐ =^bThefirst 90 days in government /^cผู้เขียน, Peter H. Daly, Michael Wathins และ Cate Reavis ; แปลและเรียบเรียงโดย ณัฐยา สินตระการผล
246 30 The first 90 days in government
250    พิมพ์ครั้งที่ 1
260    กรุงเทพฯ :^bเอ็กซเปอร์เน็ท,^c2551
300    371 หน้า :^bภาพประกอบ ;^c24 ซม.
500    แปลจาก The first 90 days in government : critical successstrategies for new public managers at all levels / Peter H. Daly and Michael Watkins with Cate Reavis., c2006
650  7 การบริหารรัฐกิจ^zสหรัฐอเมริกา
650  7 ราชการพลเรือน^zสหรัฐอเมริกา
700 1  วัตกินส์, ไมเคิล,^dค.ศ.1956-
700 1  รี่วิส, เคท
700 0  ณัฐยา สินตระการผล,^eผู้แปล
700 12 Daly, Peter H..^tThe first 90 days in government
700 12 Wathins, Michael.^tThe first 90 days in government
700 12 Reavis, Cate.^tThe first 90 days in government
945    ^p340^l0^i18211
995    เกษร
999    ^aใช้งานได้ทุกระบบ
รายการนี้ยังไม่มีแท็ก
คุณยังไม่ได้ล็อกอิน คุณสามารถมีกิจกรรมร่วมกับเว็บไซต์ได้ แต่ต้องล็อกอินก่อน ::
  ล็อกอิน

รายการสื่อสารสนเทศ

ลำดับที่ ประเภท เลขเรียก/บาร์โค้ด สถานที่ สถานะ
- ไม่พบข้อมูล -

BibComment


ยังไม่เคยถูกคอมเมนท์

คอมเมนท์ทรัพยากรรายการนี้
  คอมเมนท์: 90 วันอันตรายสำหร..


 Copyright 2026. Bcnsprnw @Library